| 000 | 00863nam a2200217 a 4500 | ||
|---|---|---|---|
| 003 | 0 | ||
| 005 | 20250412093011.0 | ||
| 008 | 970101s19uu xx 00 eng d | ||
| 050 |
_aPGS HQ 784.T4 _b.M149 2004 |
||
| 100 | _aMachida, Junichi. | ||
| 245 |
_aThe positive and negative effects of modern Filipino gag shows on the emotional behavior of the grade six students of SISC / _cJunichi Machida. |
||
| 260 |
_aLas PiƱas City, Philippines : _bSouthville International School and Colleges, _c2004. |
||
| 300 |
_a20 pages : _billustrations ; _c28 cm. |
||
| 504 | _aIncludes bibliographical references. | ||
| 650 |
_aComedy programs _zPhilippines _vPsychological aspects. |
||
| 650 |
_aGag shows _zInfluence. |
||
| 650 |
_aChildren _vEmotions. |
||
| 650 |
_aChildren _vConduct of life. |
||
| 650 |
_aMass media _vPsychological aspects. |
||
| 942 |
_2lcc _cPASS |
||
| 999 |
_c97015 _d97015 |
||